| 000 | 00380nam a2200145Ia 4500 | ||
|---|---|---|---|
| 008 | 230917s9999||||xx |||||||||||||| ||und|| | ||
| 040 |
_e60875 _aMAIN |
||
| 041 | _aEnglish | ||
| 082 | _a823.7 D555M:C | ||
| 100 | _aMiller, J Hillis | ||
| 245 | 0 | _aCharles Dickens: the world of his novels | |
| 260 |
_aCambridge _bHarvard University _c1970 |
||
| 300 | _axi, 346 p. | ||
| 942 | _cBK | ||
| 999 |
_c193467 _d193467 |
||